La novela española contemporanea: ensayos críticos
محفوظ في:
| المؤلف الرئيسي: | |
|---|---|
| التنسيق: | كتاب |
| اللغة: | الإسبانية |
| منشور في: |
Madrid
Alianza
1994
|
| سلاسل: | Alianza Universidad, 796
|
| الموضوعات: | |
| الوسوم: |
إضافة وسم
لا توجد وسوم, كن أول من يضع وسما على هذه التسجيلة!
|
MARC
| LEADER | 00000nam a2200000 a 4500 | ||
|---|---|---|---|
| 001 | UCZ8903 | ||
| 003 | CL-VaPUC | ||
| 008 | 960126e19940000SP |||||||||||||||||spa|d | ||
| 082 | 0 | 4 | |a 863.09 |b GUL |2 21 |
| 100 | |a Gullón, Ricardo |e author |9 424603 | ||
| 245 | 1 | 3 | |a La novela española contemporanea: ensayos críticos |
| 300 | |a 331 p | ||
| 942 | |c BK | ||
| 945 | |d 19960126 00:00:00 |a rbrito | ||
| 260 | |a Madrid |b Alianza |c 1994 | ||
| 650 | 0 | |a Novela española |y Siglo 20 |9 320170 | |
| 650 | 0 | |a Crítica literaria |9 269189 | |
| 583 | |a last modification |c 20160901 03:52:30 |k Rodrigo Vera | ||
| 490 | 0 | |a Alianza Universidad, 796 | |
| 999 | |c 244596 |d 244594 | ||
| 952 | |0 0 |1 0 |4 0 |6 863_090000000000000_GUL_1994 |7 0 |8 A |9 258707 |a FDOPOS |b FDOPOS |d 2019-11-19 |i 3172961 |o 863.09 GUL 1994 |p 3172961 |r 2025-01-22 |w 2019-11-19 |y BK |k MLH | ||